[Event "Moscow Open F Student 2014"]
[Site "Moscow RUS"]
[Date "2014.02.01"]
[Round "1.1"]
[White "Gordievsky, Dmitry"]
[Black "Belous, Vladimir"]
[Result "0-1"]
[WhiteTitle "FM"]
[BlackTitle "GM"]
[WhiteElo "2444"]
[BlackElo "2569"]
[WhiteFideId "24112798"]
[BlackFideId "4174003"]
[EventDate "2014.02.01"]

1. d4 d5 2. c4 c6 3. Nc3 Nf6 4. e3 a6 5. Qc2 e6 6. Nf3 c5 7. cxd5 exd5 8. Be2
Nc6 9. O-O Be6 10. Rd1 cxd4 11. exd4 Bd6 12. Bg5 O-O 13. Qb3 b5 14. Qc2 Rc8 15.
Qd2 Re8 16. h3 h6 17. Bh4 Be7 18. Ne5 Qb6 19. Bf3 Red8 20. Qe3 Nxe5 21. dxe5 d4
22. Qe2 dxc3 23. exf6 Rxd1+ 24. Rxd1 c2 25. Rc1 Bd6 26. Be4 Qd4 27. fxg7 Rc4 28.
Bxc2 Qf4 0-1

[Event "Moscow Open F Student 2014"]
[Site "Moscow RUS"]
[Date "2014.02.01"]
[Round "1.2"]
[White "Dragun, Kamil"]
[Black "Andriasian, Zaven"]
[Result "1-0"]
[WhiteTitle "GM"]
[BlackTitle "GM"]
[WhiteElo "2517"]
[BlackElo "2611"]
[WhiteFideId "1134167"]
[BlackFideId "13302000"]
[EventDate "2014.02.01"]

1. d4 Nf6 2. c4 c5 3. d5 g6 4. Nc3 Bg7 5. Nf3 d6 6. e4 O-O 7. Be2 e5 8. h3 Nh5
9. Nh2 Nf6 10. Bg5 h6 11. Be3 a6 12. Qd2 Kh7 13. Ng4 Ng8 14. f4 exf4 15. Bxf4
Qh4+ 16. g3 Qe7 17. O-O-O Nd7 18. h4 b5 19. Rde1 Rb8 20. Ne3 Ne5 21. g4 Qd8 22.
g5 h5 23. Ncd1 Bd7 24. Ref1 Bc8 25. Nc3 Bd7 26. Ncd1 Ne7 27. Rf2 Kg8 28. Rhf1
Bh3 29. Rh1 Bd7 30. Rhf1 bxc4 31. Bxe5 Bxe5 32. Nxc4 Bd4 33. Nxd6 Be8 34. Rf6
Nc8 35. Qf4 Nxd6 36. Rxg6+ Bg7 37. Rxd6 Qa5 38. Rf6 Ba4 39. Bxh5 Rb4 40. Kb1
Bxd1 41. Bxd1 Qb5 42. b3 Rb8 43. Bc2 Qa4 44. Rf3 Qa3 45. Qe5 c4 46. g6 R4b6 47.
gxf7+ Kf8 48. d6 1-0

[Event "Moscow Open F Student 2014"]
[Site "Moscow RUS"]
[Date "2014.02.01"]
[Round "1.3"]
[White "Bajarani, Ulvi"]
[Black "Stukopin, Andrey"]
[Result "0-1"]
[WhiteTitle "GM"]
[BlackTitle "IM"]
[WhiteElo "2504"]
[BlackElo "2517"]
[WhiteFideId "13403028"]
[BlackFideId "24107131"]
[EventDate "2014.02.01"]

1. d4 Nf6 2. c4 e6 3. Nc3 Bb4 4. e3 O-O 5. Ne2 d5 6. a3 Be7 7. cxd5 exd5 8. Nf4
c6 9. Bd3 Bd6 10. Nfe2 Re8 11. Ng3 Ng4 12. Nf5 Bxf5 13. Bxf5 Nh6 14. Bd3 f5 15.
Qb3 Qb6 16. Qa4 Re7 17. g3 Nd7 18. O-O Rae8 19. Qc2 g6 20. b4 Ng4 21. b5 h5 22.
bxc6 bxc6 23. Rb1 Qc7 24. h3 Ngf6 25. f4 h4 26. Rf3 Ne4 27. gxh4 Rh7 28. Bxe4
fxe4 29. Rg3 Kf7 30. Qg2 Rg8 31. Bd2 Rxh4 32. Rc1 Nf6 33. Nb5 Qd7 34. Nxd6+ Qxd6
35. Bb4 Qd7 36. Rg5 Rxh3 37. Re5 Nh5 38. Re7+ Qxe7 39. Bxe7 Rg3 40. Bd6 Rc8 41.
Rb1 Ke6 42. Be5 Rxg2+ 43. Kxg2 c5 44. dxc5 Rxc5 45. Bd4 Ra5 46. Rb3 Ra4 47. Be5
g5 48. Rb8 gxf4 49. exf4 Nf6 50. Rh8 Ng4 51. Bb2 Ne3+ 52. Kg3 Nd1 53. Rh6+ Kd7
54. Rh7+ Kc6 55. Bc1 Rc4 56. Bd2 e3 57. Rh1 Rd4 58. Bb4 Rd3 59. f5 e2+ 60. Kf4
Ne3 61. f6 Ng2+ 62. Kg4 Rd1 63. f7 Rf1 64. f8=Q Rxf8 65. Bxf8 e1=Q 66. Rxe1 Nxe1
67. Kf4 Kb5 68. Ke3 Kc4 69. Ke2 Nc2 70. Kd2 Nd4 71. a4 Nc6 72. Kc2 Nb4+ 73. Kd2
Nd3 74. Kc2 Nc5 75. a5 Ne6 76. Bh6 a6 77. Kb2 Kb5 78. Bd2 Nd4 79. Kc3 Nf3 80.
Bh6 Kxa5 81. Kd3 Kb5 82. Bf8 Ng5 83. Be7 Ne6 84. Bd6 a5 85. Be7 Kc6 86. Kc3 Kb5
87. Kd3 a4 88. Ba3 Nc7 89. Kc3 Na6 90. Be7 Nc5 91. Kd4 a3 92. Kxd5 a2 93. Bf6
Kb4 94. Ba1 Nb3 95. Bb2 Nc1 96. Kd4 Kb3 97. Ba1 Kc2 98. Ke3 Nb3 99. Bg7 Na5 100.
Ke2 Nc4 101. Ba1 Nb2 102. Ke1 Na4 103. Ke2 Nc5 104. Bg7 Ne6 105. Bh8 Nf4+ 0-1

[Event "Moscow Open F Student 2014"]
[Site "Moscow RUS"]
[Date "2014.02.01"]
[Round "1.4"]
[White "Bernadskiy, Vitaliy"]
[Black "Vavulin, Maksim"]
[Result "0-1"]
[WhiteTitle "IM"]
[BlackTitle "IM"]
[WhiteElo "2565"]
[BlackElo "2390"]
[WhiteFideId "14100371"]
[BlackFideId "4169530"]
[EventDate "2014.02.01"]

1. Nf3 Nf6 2. g3 b6 3. Bg2 Bb7 4. O-O e6 5. d3 d5 6. c4 Be7 7. Qa4+ Qd7 8. Qc2
O-O 9. Ne5 Qd8 10. d4 c5 11. dxc5 bxc5 12. Nc3 Nbd7 13. Bf4 Nb6 14. a4 Qc8 15.
a5 Nxc4 16. Nxc4 dxc4 17. e4 Bc6 18. Qe2 Rd8 19. Qxc4 Rd4 20. Qe2 Qb7 21. a6 Qb6
22. Rfc1 Rad8 23. Rc2 h6 24. Be3 Rb4 25. f3 Ne8 26. Qf2 Rb8 27. Ra2 Nc7 28. Bf1
e5 29. Rd2 Ne6 30. Nd5 Bxd5 31. Rxd5 Qc7 32. Bh3 Ng5 33. Bg4 Rd8 34. Rxd8+ Qxd8
35. Qd2 Qb6 36. h4 Nh7 37. Bh3 Nf6 38. Bf2 Rb3 39. Qe2 Bf8 40. Kg2 Be7 41. Be1
Nh5 42. Bg4 Nf6 43. Bf5 g6 44. Bh3 Nh5 45. Bg4 Nf6 46. Bc8 Nh5 47. Kh2 c4 48.
Bg4 Nf6 49. Bh3 Re3 50. Qd1 Qb3 51. Qxb3 cxb3 52. Ra1 Re2+ 53. Bg2 Rxb2 54. Bc3
Rc2 55. Bxe5 Nd7 56. Bd4 Bc5 57. Rd1 Bxd4 58. Rxd4 b2 59. Rb4 Nc5 60. Kh3 Nd3
61. Rb8+ Kg7 62. Bf1 Nf2+ 63. Kg2 Nd1+ 64. Kh3 Rc1 0-1

[Event "Moscow Open F Student 2014"]
[Site "Moscow RUS"]
[Date "2014.02.01"]
[Round "1.5"]
[White "Artemiev, Vladislav"]
[Black "Eliseev, Urii"]
[Result "1-0"]
[WhiteTitle "IM"]
[BlackTitle "GM"]
[WhiteElo "2595"]
[BlackElo "2549"]
[WhiteFideId "24101605"]
[BlackFideId "24131920"]
[EventDate "2014.02.01"]

1. c4 e5 2. g3 Nf6 3. Bg2 d5 4. cxd5 Nxd5 5. Nc3 Nb6 6. Nf3 Nc6 7. O-O Be7 8. a3
O-O 9. d3 Be6 10. Be3 Nd5 11. Nxd5 Bxd5 12. Qa4 a6 13. Rac1 Rc8 14. Rfd1 f5 15.
Bc5 Qe8 16. Nd2 Qf7 17. Bxe7 Nxe7 18. Qb4 b6 19. Bxd5 Nxd5 20. Qc4 Nf6 21. Qxa6
Qh5 22. Re1 Ng4 23. Nf1 e4 24. Qb7 f4 25. gxf4 Qh4 26. f3 Nf2 27. dxe4 Nh3+ 28.
Kh1 Qf2 29. Ng3 Nxf4 30. Rg1 Nxe2 31. Qd5+ Kh8 32. Nxe2 Qxe2 33. Rxg7 Qxf3+ 34.
Rg2 c5 35. Rc3 Qf4 36. Qd7 Rg8 37. Qf5 Qxf5 38. exf5 Rcd8 39. Rxg8+ Kxg8 40. Rb3
Rd6 41. Kg2 Kf7 42. Kf3 Kf6 43. Ke4 Rd4+ 44. Ke3 Kxf5 45. Rxb6 Ke5 46. Rb5 Kd6
47. b4 Rh4 48. Rxc5 Rh3+ 49. Kd4 Rh4+ 50. Kc3 Rh3+ 51. Kb2 Rxh2+ 52. Rc2 Rh3 53.
a4 h5 54. b5 Rg3 55. b6 Kd7 56. b7 1-0

[Event "Moscow Open F Student 2014"]
[Site "Moscow RUS"]
[Date "2014.02.02"]
[Round "2.1"]
[White "Belous, Vladimir"]
[Black "Eliseev, Urii"]
[Result "1/2-1/2"]
[WhiteTitle "GM"]
[BlackTitle "GM"]
[WhiteElo "2569"]
[BlackElo "2549"]
[WhiteFideId "4174003"]
[BlackFideId "24131920"]
[EventDate "2014.02.01"]

1. d4 Nf6 2. c4 g6 3. g3 c6 4. Bg2 d5 5. Nf3 Bg7 6. Qa4 O-O 7. O-O Nfd7 8. Qc2
dxc4 9. Qxc4 e5 10. dxe5 Nxe5 11. Nxe5 Bxe5 12. Nd2 Bg7 13. Qc2 Be6 14. Nc4 Qd4
15. Na5 Qb6 16. Nb3 Na6 17. Be3 Qb5 18. Nd4 Qc4 19. Rfc1 Qxc2 20. Rxc2 Nb4 21.
Rd2 Bxa2 22. Nxc6 bxc6 23. Bc5 a5 24. Bxf8 Kxf8 25. Bxc6 Rc8 26. Ba4 Bf6 27.
Rad1 Be6 28. Bd7 Bxd7 29. Rxd7 Bxb2 30. Rb7 Ra8 31. Rdd7 a4 32. Rxf7+ Kg8 33.
Rfd7 a3 34. Rxb4 a2 35. Rd1 a1=Q 36. Rxa1 Bxa1 37. Rb7 Re8 38. e3 Bf6 39. Kg2
Be7 40. h4 Kf7 41. Ra7 Rd8 42. Rb7 Rd2 43. Rb6 Rc2 44. Rb7 Ke6 45. Rb6+ Bd6 46.
Rb7 Bc7 47. Rb5 Kf6 48. Kf3 Ra2 49. Rb7 Rc2 50. Rb5 Bd8 51. Kg2 Rc6 52. Rb8 Ba5
53. Rf8+ Ke6 54. Re8+ Kf7 55. Rh8 Kg7 56. Ra8 Bc7 57. Rc8 Kf6 58. Rh8 Kg7 59.
Rc8 Rc2 60. Kf3 Kf6 61. Rf8+ Kg7 62. Rc8 Rc5 63. Kg2 Kf6 64. Rf8+ Ke5 65. Re8+
Kf5 66. Rf8+ Ke5 67. Re8+ Kd5 68. Rg8 Rc6 69. Rc8 Ke4 70. Rf8 Be5 71. Re8 Rc2
72. Re6 Kf5 73. Re8 Bd6 74. Rd8 Bb4 75. Rd5+ Ke6 76. Rd1 Ba5 77. Kf3 Rc5 78. Kg2
Ke5 79. Kf3 Rc6 80. Kg2 Bc3 81. Rd8 Ke4 82. Rd7 Bf6 83. Rd2 Be5 84. Rd8 Bd6 85.
Re8+ Kf5 86. Rd8 Bc5 87. Re8 Kf6 88. Rd8 Be7 89. Rd5 Rc2 90. Rb5 Bc5 91. Kf3 Ke5
92. Ra5 Kd5 93. Ra6 Bd6 94. Ra5+ Ke6 95. Ra6 Rd2 96. Rb6 Kd5 97. Rb5+ Bc5 98.
Ra5 Rb2 99. Ra6 Bd6 1/2-1/2

[Event "Moscow Open F Student 2014"]
[Site "Moscow RUS"]
[Date "2014.02.02"]
[Round "2.2"]
[White "Vavulin, Maksim"]
[Black "Artemiev, Vladislav"]
[Result "0-1"]
[WhiteTitle "IM"]
[BlackTitle "IM"]
[WhiteElo "2390"]
[BlackElo "2595"]
[WhiteFideId "4169530"]
[BlackFideId "24101605"]
[EventDate "2014.02.01"]

1. e4 c5 2. Nf3 e6 3. d4 cxd4 4. Nxd4 a6 5. Bd3 Nf6 6. O-O Qc7 7. Qe2 d6 8. c4
g6 9. Nc3 Bg7 10. Nf3 O-O 11. Bf4 Nh5 12. Bd2 b6 13. Rac1 Bb7 14. Rfd1 Nd7 15.
h3 Rac8 16. Be3 Qb8 17. Bb1 Rfe8 18. Qd2 Bf8 19. b3 Ba8 20. Bh6 Be7 21. Bg5 Nhf6
22. Bf4 Ne5 23. Nxe5 dxe5 24. Bg5 b5 25. cxb5 axb5 26. Qe2 b4 27. Na4 Qb7 28.
Qf3 Rxc1 29. Rxc1 Kg7 30. Nc5 Qb5 31. Rc4 h6 32. Bxf6+ Bxf6 33. Nd3 Be7 34. Qe3
Bb7 35. Qe1 Ba6 36. Rc1 Rd8 37. Nb2 Rd4 38. Nc4 Qc5 39. Ne3 Qd6 40. Kh1 Bg5 41.
Kh2 h5 42. Bc2 h4 43. Rd1 Qc5 44. Nc4 Bxc4 45. bxc4 Qxc4 46. Rxd4 exd4 47. Qb1
Qe2 48. Kg1 Qd2 49. Qd1 Qc3 50. Bd3 Kf6 51. Kf1 Qc7 52. Kg1 Kg7 53. Qc2 Qf4 54.
Qb2 Bf6 55. Kf1 Qh2 56. f3 Be5 0-1

[Event "Moscow Open F Student 2014"]
[Site "Moscow RUS"]
[Date "2014.02.02"]
[Round "2.3"]
[White "Stukopin, Andrey"]
[Black "Bernadskiy, Vitaliy"]
[Result "1/2-1/2"]
[WhiteTitle "IM"]
[BlackTitle "IM"]
[WhiteElo "2517"]
[BlackElo "2565"]
[WhiteFideId "24107131"]
[BlackFideId "14100371"]
[EventDate "2014.02.01"]

1. e4 c6 2. d4 d5 3. exd5 cxd5 4. c4 Nf6 5. Nc3 Nc6 6. Nf3 Bg4 7. cxd5 Nxd5 8.
Qb3 Bxf3 9. gxf3 Nb6 10. Be3 e6 11. O-O-O Be7 12. Rg1 g6 13. f4 Rc8 14. Kb1 O-O
15. d5 exd5 16. Nxd5 Nxd5 17. Bg2 Na5 18. Qxd5 Qxd5 19. Rxd5 Nc4 20. Rd7 Nxe3
21. fxe3 Bc5 22. f5 Bxe3 23. Re1 Bf4 24. fxg6 hxg6 25. h3 b5 26. Bd5 Rc7 27.
Rxc7 Bxc7 28. Re7 Bb6 29. b4 Kg7 30. Rd7 Kf6 31. Bc6 Rh8 32. Bxb5 Rxh3 33. Bc4
Rh7 34. Kc2 g5 35. a4 g4 36. a5 Bf2 37. Kd2 g3 38. Bd5 Rh2 39. Rxf7+ Ke5 40. Ba8
g2 41. Bxg2 Rxg2 42. Kd3 Kd5 43. b5 Rg3+ 44. Kc2 Bd4 45. b6 a6 46. Rd7+ Ke4 47.
b7 Rg2+ 48. Kb3 Be5 49. Re7 Rb2+ 50. Kc4 Kf5 51. Kc5 Bc3 52. Kc6 Bxa5 53. Re8
Rb6+ 54. Kc7 Rb1+ 55. Kc6 Rb6+ 56. Kc7 Rf6+ 57. Kd7 Rf7+ 58. Re7 Rxe7+ 59. Kxe7
Bc7 60. Kd7 Bb8 61. Kc6 Ba7 62. b8=Q Bxb8 63. Kb6 a5 1/2-1/2

[Event "Moscow Open F Student 2014"]
[Site "Moscow RUS"]
[Date "2014.02.02"]
[Round "2.4"]
[White "Andriasian, Zaven"]
[Black "Bajarani, Ulvi"]
[Result "1/2-1/2"]
[WhiteTitle "GM"]
[BlackTitle "GM"]
[WhiteElo "2611"]
[BlackElo "2504"]
[WhiteFideId "13302000"]
[BlackFideId "13403028"]
[EventDate "2014.02.01"]

1. e4 e6 2. d4 d5 3. Nc3 Nf6 4. e5 Nfd7 5. f4 c5 6. Nf3 Nc6 7. Be3 cxd4 8. Nxd4
Qb6 9. Qd2 Qxb2 10. Rb1 Qa3 11. Bb5 Nxd4 12. Bxd4 a6 13. Bxd7+ Bxd7 14. Rb3 Qe7
15. Rxb7 Rc8 16. O-O Qa3 17. f5 Bc5 18. Ne2 exf5 19. Qg5 g6 20. Kh1 Be7 21. Qh6
Bf8 22. Qg5 Be7 23. Qh6 Bf8 24. Qg5 1/2-1/2

[Event "Moscow Open F Student 2014"]
[Site "Moscow RUS"]
[Date "2014.02.02"]
[Round "2.5"]
[White "Gordievsky, Dmitry"]
[Black "Dragun, Kamil"]
[Result "1/2-1/2"]
[WhiteTitle "FM"]
[BlackTitle "GM"]
[WhiteElo "2444"]
[BlackElo "2517"]
[WhiteFideId "24112798"]
[BlackFideId "1134167"]
[EventDate "2014.02.01"]

1. Nf3 d5 2. g3 Nf6 3. Bg2 e6 4. O-O Be7 5. d3 b6 6. e4 c5 7. Re1 dxe4 8. Nfd2
Bb7 9. dxe4 Nfd7 10. Nc4 O-O 11. a4 Nc6 12. Bf4 e5 13. Bd2 Re8 14. Nba3 a6 15.
c3 Rb8 16. Ne3 Bf8 17. Qc2 Nf6 18. Rad1 Qc7 19. Nd5 Nxd5 20. exd5 Na5 21. c4 Bc8
22. Bc3 Bg4 23. f3 Bd7 24. Bf1 Nb7 25. Bd3 g6 26. Re2 Bg7 27. Rde1 f6 28. Kg2
Nd6 29. b4 Nf5 30. Bxf5 Bxf5 31. Qd2 Qd6 32. f4 cxb4 33. Bxb4 Qd7 34. fxe5 fxe5
35. Bc3 Bh3+ 36. Kg1 Qxa4 37. Bb2 Rf8 38. Re4 Rf3 39. Rh4 Qd7 40. Nc2 Rbf8 41.
Ne3 Bf6 42. Rxh3 Qxh3 43. d6 Rf7 44. Qd5 Bg7 45. Ng2 Qf5 46. Nf4 e4 47. Bxg7
Kxg7 48. Qd4+ Kh6 49. Rxe4 Rb3 50. Kg2 Rb2+ 51. Kg1 Rb1+ 52. Kg2 Rb2+ 53. Kg1
Rb1+ 54. Kg2 Rb2+ 1/2-1/2

[Event "Moscow Open F Student 2014"]
[Site "Moscow RUS"]
[Date "2014.02.03"]
[Round "3.1"]
[White "Dragun, Kamil"]
[Black "Belous, Vladimir"]
[Result "0-1"]
[WhiteTitle "GM"]
[BlackTitle "GM"]
[WhiteElo "2517"]
[BlackElo "2569"]
[WhiteFideId "1134167"]
[BlackFideId "4174003"]
[EventDate "2014.02.01"]

1. d4 Nf6 2. c4 g6 3. f3 d6 4. e4 Bg7 5. Nc3 O-O 6. Be3 c5 7. Nge2 Nc6 8. d5 Ne5
9. Ng3 e6 10. Be2 exd5 11. cxd5 b5 12. a3 Rb8 13. b4 Nc4 14. Bxc4 bxc4 15. Nge2
Nd7 16. Rb1 Ne5 17. O-O Nd3 18. Qa4 Bd7 19. Qa6 Qc8 20. Qa5 Rb6 21. b5 Qb7 22.
f4 Rb8 23. a4 Ra8 24. f5 Be5 25. f6 Qb8 26. Bh6 a6 27. bxa6 Nb4 0-1

[Event "Moscow Open F Student 2014"]
[Site "Moscow RUS"]
[Date "2014.02.03"]
[Round "3.2"]
[White "Bajarani, Ulvi"]
[Black "Gordievsky, Dmitry"]
[Result "1/2-1/2"]
[WhiteTitle "GM"]
[BlackTitle "FM"]
[WhiteElo "2504"]
[BlackElo "2444"]
[WhiteFideId "13403028"]
[BlackFideId "24112798"]
[EventDate "2014.02.01"]

1. e4 c5 2. Nf3 d6 3. d4 cxd4 4. Nxd4 Nf6 5. Nc3 a6 6. h3 b5 7. g4 Bb7 8. Bg2 e6
9. O-O Nfd7 10. a4 b4 11. Na2 Nc5 12. Re1 e5 13. Nf5 Nc6 14. c3 bxc3 15. Nxc3 g6
16. Ne3 Bg7 17. Nc4 Nd4 18. Ra3 Nce6 19. b4 O-O 20. Na5 Qb6 21. Nd5 Bxd5 22.
exd5 Nf4 23. Bxf4 Qxb4 24. Rd3 Qxa5 25. Rxd4 exd4 26. Bxd6 Rfc8 27. Re4 Rd8 28.
Bf4 Rxd5 29. Re7 Bf6 30. Rb7 Rc5 31. Bd2 Rc3 32. Bxc3 dxc3 33. Bd5 Rd8 34. Bxf7+
Kh8 35. Qf3 Bg7 36. Bb3 Rf8 37. Rf7 Qc5 38. Rxf8+ Qxf8 39. Qd5 a5 40. Kg2 Bf6
41. Kg3 Qd8 42. Qc4 Bh4+ 43. Kg2 Bf6 44. f4 g5 45. fxg5 Bxg5 46. Qxc3+ Bf6 47.
Qc4 Qa8+ 48. Kg3 Qb8+ 49. Kf3 Qb7+ 50. Kf2 Qb6+ 51. Ke2 Qd8 52. Bc2 Qe7+ 53. Kf3
Bg5 54. Be4 Kg7 55. Ke2 Bf6 56. Qd5 Qe5 57. Qb7+ Qe7 58. Qc6 Qe5 59. Qd7+ Be7
60. Kd3 Qd6+ 61. Qxd6 1/2-1/2

[Event "Moscow Open F Student 2014"]
[Site "Moscow RUS"]
[Date "2014.02.03"]
[Round "3.3"]
[White "Bernadskiy, Vitaliy"]
[Black "Andriasian, Zaven"]
[Result "1/2-1/2"]
[WhiteTitle "IM"]
[BlackTitle "GM"]
[WhiteElo "2565"]
[BlackElo "2611"]
[WhiteFideId "14100371"]
[BlackFideId "13302000"]
[EventDate "2014.02.01"]

1. e4 c5 2. Nf3 d6 3. Bb5+ Nc6 4. O-O Bd7 5. Re1 Nf6 6. h3 g6 7. c3 Bg7 8. d4
O-O 9. dxc5 dxc5 10. Na3 a6 11. Bf1 Be6 12. Ng5 Qxd1 13. Rxd1 Bc8 14. Nc4 b5 15.
Nb6 Rb8 16. Nxc8 Rbxc8 17. Re1 h6 18. Nf3 Rfd8 19. a4 c4 20. axb5 axb5 21. Ra6
Nd7 22. Be3 b4 23. Rd1 bxc3 24. bxc3 Bxc3 25. Bxc4 Bg7 26. Bb5 Nce5 27. Ra7
Nxf3+ 28. gxf3 Ne5 29. Rxd8+ Rxd8 30. f4 Nf3+ 31. Kg2 Nh4+ 32. Kg3 Bf6 33. Bd7
e6 34. Rb7 g5 35. fxg5 hxg5 36. f4 gxf4+ 37. Bxf4 Ng6 38. Rb8 Rxb8 39. Bxb8 Be5+
40. Bxe5 Nxe5 41. Bb5 Kg7 42. Kf4 Kf6 43. h4 Ng6+ 44. Kg4 Ne7 45. Kf4 Ng6+ 46.
Kg4 1/2-1/2

[Event "Moscow Open F Student 2014"]
[Site "Moscow RUS"]
[Date "2014.02.03"]
[Round "3.4"]
[White "Artemiev, Vladislav"]
[Black "Stukopin, Andrey"]
[Result "1/2-1/2"]
[WhiteTitle "IM"]
[BlackTitle "IM"]
[WhiteElo "2595"]
[BlackElo "2517"]
[WhiteFideId "24101605"]
[BlackFideId "24107131"]
[EventDate "2014.02.01"]

1. c4 e5 2. Nc3 Nf6 3. Nf3 Nc6 4. g3 Nd4 5. Bg2 Nxf3+ 6. Bxf3 Bb4 7. Bg2 Bf8 8.
Bf3 Bb4 9. Qb3 Bc5 10. O-O O-O 11. d3 h6 12. Bd2 Re8 13. Rac1 c6 14. Bg2 Bb6 15.
h3 d6 16. Kh2 Be6 17. e4 Nd7 18. Qc2 a5 19. Rce1 f6 20. f4 Nc5 21. b3 Bf7 22. f5
Kf8 23. g4 Na6 24. h4 Bd4 25. a3 Bxc3 26. Qxc3 b6 27. g5 hxg5 28. hxg5 Ke7 29.
Kg3 Rh8 30. Rh1 Qd7 31. d4 c5 32. d5 Rag8 33. Kf2 Qc8 34. Qg3 Rxh1 35. Bxh1 Rh8
36. Bf3 Qb8 37. Be2 Qc8 38. Ra1 Qc7 39. Ke3 Qb8 40. Kd3 Qb7 41. Kc2 Qb8 42. Rg1
Qf8 43. Qf2 Nc7 44. Kb2 Na6 45. Rg3 Rh4 46. Bf3 Qh8 47. Rg2 Nb8 48. Be1 1/2-1/2

[Event "Moscow Open F Student 2014"]
[Site "Moscow RUS"]
[Date "2014.02.03"]
[Round "3.5"]
[White "Eliseev, Urii"]
[Black "Vavulin, Maksim"]
[Result "1-0"]
[WhiteTitle "GM"]
[BlackTitle "IM"]
[WhiteElo "2549"]
[BlackElo "2390"]
[WhiteFideId "24131920"]
[BlackFideId "4169530"]
[EventDate "2014.02.01"]

1. e4 e5 2. Nf3 Nc6 3. Bb5 a6 4. Ba4 Nf6 5. O-O Be7 6. Re1 b5 7. Bb3 O-O 8. c3
d6 9. d4 Bg4 10. Be3 Bd7 11. dxe5 Nxe5 12. Nxe5 dxe5 13. f3 Nh5 14. Nd2 Bd6 15.
Nf1 Qe7 16. Qd2 Kh8 17. Kh1 Rad8 18. Rad1 a5 19. a3 a4 20. Ba2 f6 21. Bf2 Be6
22. Bxe6 Qxe6 23. Ne3 Qb3 24. g3 g6 25. Qc2 Qxc2 26. Nxc2 Ng7 27. Rd5 c6 28. Rd3
Be7 29. Red1 Ne6 30. Rd7 Kg8 31. Bb6 Rxd7 32. Rxd7 Kf7 33. Rb7 Rc8 34. Kg2 Ke8
35. Kh1 Kf7 36. Kg2 Ke8 37. Kf1 Nf8 38. Ke2 Nd7 39. Bf2 Kd8 40. Ra7 Rb8 41. f4
Kc8 42. Ne1 Rb7 43. Ra8+ Rb8 44. Ra6 Kc7 45. Nd3 Bd6 46. Kf3 Rb7 47. Be3 Rb8 48.
Kg4 Re8 49. fxe5 fxe5 50. Kg5 Be7+ 51. Kh6 Nf6 52. Nxe5 Bf8+ 53. Kg5 Nxe4+ 54.
Kf4 Bd6 55. Rxc6+ Kb7 56. Rb6+ Kc7 57. Rxb5 Nf6 58. Bb6+ Kc8 59. Bd4 Nd7 60. Ra5
Kb7 61. c4 Kc8 62. Rd5 Bc7 63. h4 h6 64. Rb5 h5 65. Ke4 Bb8 66. Kf4 Bc7 67. Bc3
Bb8 68. Ra5 Rf8+ 69. Ke4 Re8 70. Rb5 Bc7 71. Bd4 Bb8 72. Kf4 Rf8+ 73. Ke3 Re8
74. Ke4 Bc7 75. Bc3 Bb8 76. Kf4 Bc7 77. Rd5 Rf8+ 78. Ke4 Nf6+ 79. Kd4 Nxd5 80.
Kxd5 Bxe5 81. Bxe5 Kd7 82. c5 Rf3 83. c6+ Ke7 84. Bd6+ Kd8 85. Ke6 Rb3 86. Kf7
Rb6 87. Be7+ Kc7 88. Kxg6 Rxb2 89. Kxh5 Kxc6 90. g4 Kd7 91. Bf6 Rg2 92. g5 Rh2
93. Be5 Rh3 94. Kg4 Rh1 95. h5 Ke6 96. Bd4 Kf7 97. g6+ Kg8 98. Kg5 Rd1 99. Be5
Re1 100. Bf4 Rg1+ 101. Kf5 Ra1 102. h6 Rf1 103. Ke4 Re1+ 104. Kd5 Rd1+ 105. Kc4
Re1 106. Bd2 Re8 107. Bc3 Rc8+ 108. Kb4 Rb8+ 109. Kxa4 Ra8+ 110. Kb3 Rb8+ 111.
Ka2 1-0

[Event "Moscow Open F Student 2014"]
[Site "Moscow RUS"]
[Date "2014.02.04"]
[Round "4.1"]
[White "Belous, Vladimir"]
[Black "Vavulin, Maksim"]
[Result "1-0"]
[WhiteTitle "GM"]
[BlackTitle "IM"]
[WhiteElo "2569"]
[BlackElo "2390"]
[WhiteFideId "4174003"]
[BlackFideId "4169530"]
[EventDate "2014.02.01"]

1. d4 Nf6 2. c4 e6 3. Nc3 c5 4. d5 exd5 5. cxd5 d6 6. e4 g6 7. f4 Bg7 8. Bb5+
Nfd7 9. Nf3 a6 10. Bd3 b5 11. O-O O-O 12. Kh1 Re8 13. a3 c4 14. Bc2 Nc5 15. f5
Nbd7 16. Bg5 Bf6 17. Qd2 Ne5 18. h4 Ra7 19. Qf4 Ncd3 20. Qg3 Nxf3 21. Rxf3 Bxg5
22. hxg5 Nxb2 23. Raf1 Re5 24. Ne2 gxf5 25. Nd4 Bd7 26. Qh4 f4 27. Qxf4 Be8 28.
Nf5 Nd3 29. Qh4 Rxf5 30. exf5 Ne5 31. f6 1-0

[Event "Moscow Open F Student 2014"]
[Site "Moscow RUS"]
[Date "2014.02.04"]
[Round "4.2"]
[White "Stukopin, Andrey"]
[Black "Eliseev, Urii"]
[Result "1-0"]
[WhiteTitle "IM"]
[BlackTitle "GM"]
[WhiteElo "2517"]
[BlackElo "2549"]
[WhiteFideId "24107131"]
[BlackFideId "24131920"]
[EventDate "2014.02.01"]

1. Nf3 d5 2. b3 Bf5 3. Bb2 e6 4. g3 Nf6 5. Bg2 Be7 6. O-O O-O 7. Nh4 Be4 8. f3
Bg6 9. Nxg6 hxg6 10. e4 c5 11. e5 Nfd7 12. f4 c4 13. Kh1 Nc6 14. Nc3 Qa5 15.
bxc4 dxc4 16. Ne4 Nb6 17. h4 Rfd8 18. Bc3 Qa3 19. h5 gxh5 20. Qxh5 g6 21. Qh6
Nd5 22. g4 Bf8 23. Qh4 Bb4 24. Bxb4 Qxb4 25. Ng5 Rd7 26. Bxd5 exd5 27. Qh7+ Kf8
28. e6 1-0

[Event "Moscow Open F Student 2014"]
[Site "Moscow RUS"]
[Date "2014.02.04"]
[Round "4.3"]
[White "Andriasian, Zaven"]
[Black "Artemiev, Vladislav"]
[Result "0-1"]
[WhiteTitle "GM"]
[BlackTitle "IM"]
[WhiteElo "2611"]
[BlackElo "2595"]
[WhiteFideId "13302000"]
[BlackFideId "24101605"]
[EventDate "2014.02.01"]

1. e4 c5 2. Nc3 a6 3. g4 e6 4. d3 Ne7 5. Be3 Ng6 6. f4 Nc6 7. Nf3 d5 8. Ne2 Be7
9. Bg2 d4 10. Bd2 e5 11. f5 Nh4 12. O-O Nxg2 13. Kxg2 h5 14. h3 g6 15. c3 Rg8
16. Kh1 hxg4 17. hxg4 gxf5 18. gxf5 dxc3 19. Bxc3 Qd6 20. Qd2 b5 21. b3 b4 22.
Bb2 a5 23. Rg1 Rh8+ 24. Kg2 Ba6 25. Rh1 Rg8+ 0-1

[Event "Moscow Open F Student 2014"]
[Site "Moscow RUS"]
[Date "2014.02.04"]
[Round "4.4"]
[White "Gordievsky, Dmitry"]
[Black "Bernadskiy, Vitaliy"]
[Result "1/2-1/2"]
[WhiteTitle "FM"]
[BlackTitle "IM"]
[WhiteElo "2444"]
[BlackElo "2565"]
[WhiteFideId "24112798"]
[BlackFideId "14100371"]
[EventDate "2014.02.01"]

1. Nf3 f5 2. d3 d6 3. e4 e5 4. Nc3 Nf6 5. exf5 Nc6 6. Nh4 Nd4 7. g4 Nxg4 8. Qxg4
Qxh4 9. Qxh4 Nf3+ 10. Ke2 Nxh4 11. Nd5 Kd7 12. Bh3 Kc6 13. Nb4+ Kb6 14. Nd5+ Kc6
15. Nb4+ Kb6 16. Nd5+ Kc6 17. Nb4+ 1/2-1/2

[Event "Moscow Open F Student 2014"]
[Site "Moscow RUS"]
[Date "2014.02.04"]
[Round "4.5"]
[White "Dragun, Kamil"]
[Black "Bajarani, Ulvi"]
[Result "1-0"]
[WhiteTitle "GM"]
[BlackTitle "GM"]
[WhiteElo "2517"]
[BlackElo "2504"]
[WhiteFideId "1134167"]
[BlackFideId "13403028"]
[EventDate "2014.02.01"]

1. d4 d5 2. c4 c6 3. Nc3 Nf6 4. cxd5 cxd5 5. Bf4 Nc6 6. e3 a6 7. Bd3 Bg4 8. Nge2
e6 9. O-O Be7 10. Rc1 O-O 11. Na4 Nd7 12. f3 Bh5 13. Qb3 Ra7 14. Bg3 Bg6 15. Nf4
Bxd3 16. Nxd3 Na5 17. Qc2 Nc4 18. Rfe1 Bg5 19. Bf2 b5 20. Nac5 Nxc5 21. Nxc5 Be7
22. b3 Bxc5 23. dxc5 Ne5 24. Bg3 Nc6 25. Bd6 Re8 26. e4 Ra8 27. exd5 exd5 28.
Qd2 Qh4 29. Re2 Re6 30. Rxe6 fxe6 31. Qe2 Kf7 32. f4 g6 33. h3 Qh5 34. Qf1 d4
35. Kh2 Qd5 36. Rd1 Kg8 37. Qe1 Rd8 38. Rd3 Rd7 39. Rg3 Rf7 40. Qe2 Kg7 41. Qd3
Rf5 42. Qe2 Kg8 43. Rd3 Rf7 44. Rd1 Rb7 45. Re1 Kf7 46. f5 e5 47. Qg4 Kg7 48.
f6+ Kxf6 49. Qc8 Re7 50. Rf1+ Kg5 51. Qg4+ 1-0